000 01276nam a2200337 i 4500
003 EG-GICUC
005 20260121101526.0
008 251220s2003 ua ||||fr|||| 000 0 ara d
017 _a2003/20855
020 _a977-04-4376-X
040 _a EG-GICUC
_bara
_c EG-GICUC
_d EG-GICUC
_erda
041 _aara
082 0 4 _221
_a345.451
_bع ص . إ
092 0 4 _221
099 _aLaw1 07 345.451 ع ص . إ 2003
100 0 _aعصمت عبدالله الشيخ.
_eمؤلف.
245 1 2 _aالإحالة إلى التحقيق في النظام التأديبي الوظيفي /
_cدكتور عصمت عبدالله الشيخ.
264 1 _aالقاهرة :
_bدار انهضة العربية,
_c2003.
300 _a205 صفحة ؛
_c24 سم
_bإيضاحيات، صور، مثيليات ؛
336 _2rda content
_atext
337 _2rda media
_aComputer
338 _2rda carrier
_aOnline Resource
504 _a. 198-187 ببليوجرافيا: صفحات.
546 _aالنص باللغة العربية
650 1 4 _aالسلطات التاديبية
_2qrmak
650 1 4 _aطرق اختيار الموظف العام
_2qrmak
651 1 _2qrmak
856 4 0 _uhttps://fll.law.cu.edu.eg/fulltext/bks/B07-01624.pdf
905 _a79
942 _2ddc
_cBK
_e21
_n0
999 _c51811
_d51811